Giải bài tập và bài toán cơ sở vật lí T.3

Сохранить в:
Библиографические подробности
Главный автор: Lương, Duyên Bình
Другие авторы: Nguyễn, Quang Hậu
Формат:
Язык:Undetermined
Опубликовано: H. Giáo dục 2007
Предметы:
Online-ссылка:http://lrc.tdmu.edu.vn/opac/search/detail.asp?aID=2&ID=6284
Метки: Добавить метку
Нет меток, Требуется 1-ая метка записи!
Thư viện lưu trữ: Trung tâm Học liệu Trường Đại học Thủ Dầu Một
LEADER 00679nam a2200217Ia 4500
001 TDMU_6284
008 210410s9999 xx 000 0 und d
082 |a 530.076 
090 |b L561 
100 |a Lương, Duyên Bình 
245 0 |a Giải bài tập và bài toán cơ sở vật lí 
245 0 |c Lương Duyên Bình 
245 0 |n T.3 
260 |a H. 
260 |b Giáo dục 
260 |c 2007 
300 |a 255tr 
650 |a Sách đại học; Vật lí 
700 |a Nguyễn, Quang Hậu 
856 |u http://lrc.tdmu.edu.vn/opac/search/detail.asp?aID=2&ID=6284 
980 |a Trung tâm Học liệu Trường Đại học Thủ Dầu Một